Computer based numerical and statistical techniques : (Record no. 592843)
[ view plain ]
| 000 -LEADER | |
|---|---|
| fixed length control field | 01156nam a22001457a 4500 |
| 020 ## - INTERNATIONAL STANDARD BOOK NUMBER | |
| International Standard Book Number | 9788121929393 |
| 082 ## - DEWEY DECIMAL CLASSIFICATION NUMBER | |
| Classification number | 624.1701,KUM |
| 100 ## - MAIN ENTRY--PERSONAL NAME | |
| Personal name | Kumar, Santosh |
| 9 (RLIN) | 106366 |
| 245 ## - TITLE STATEMENT | |
| Title | Computer based numerical and statistical techniques : |
| Remainder of title | for B.Tech., MCA, B.Sc., M.Sc / |
| Statement of responsibility, etc. | Dr. Santosh Kumar, |
| 260 ## - PUBLICATION, DISTRIBUTION, ETC. | |
| Place of publication, distribution, etc. | S. Chand |
| Name of publisher, distributor, etc. | India |
| Date of publication, distribution, etc. | 2008 |
| 300 ## - PHYSICAL DESCRIPTION | |
| Extent | xvi, 510p |
| 505 ## - FORMATTED CONTENTS NOTE | |
| Formatted contents note | High Speed Computations and Errors (Page-1), Solution of Algebraic and Transcendental Equations (Page-33), System of Linear Algebraic Equations (Page-75), Calculus of Finite Differences (Page-1410, Interpolation with Equal Intervals (Page-156), Central Difference Interpolation (Page-176), Interpolation with Unequal Intervals (Page-207), Numerical Differentiation (Page-224), Numerical Integration (Page-248), Numerical Solution of Ordinary Differential Equations (Page-291), Curve Fitting, Cubic Spline and Approximations (Page-347), Statistical Computation and Quality Control (Page-394), Time Series and Forecasting (Page-441), Test of significance (Page-441), Objective Questions (Page-487). |
| 650 ## - SUBJECT ADDED ENTRY--TOPICAL TERM | |
| Topical term or geographic name entry element | Computer based numerical and statistical techniques |
| 9 (RLIN) | 106367 |
| 942 ## - ADDED ENTRY ELEMENTS (KOHA) | |
| Source of classification or shelving scheme | |
| Koha item type | Book |
| Withdrawn status | Lost status | Source of classification or shelving scheme | Damaged status | Not for loan | Permanent Location | Current Location | Shelving location | Date acquired | Total Checkouts | Full call number | Barcode | Date last seen | Price effective from | Koha item type | Public note |
|---|---|---|---|---|---|---|---|---|---|---|---|---|---|---|---|
| Military College of Signals (MCS) | Military College of Signals (MCS) | General Stacks | 12/29/2022 | 624.1701,KUM | MCS37772 | 12/29/2022 | 12/29/2022 | Book | Almirah No.41, Shelf No.2 |
